Segunda guerra mundial : (Registro nro. 238)

Detalles MARC
000 -Cabecera
Campo de control interno 01743nam a2200241Ia 4500
005 - Fecha y hora del registro
control field 20251203123020.0
008 - Elementos de Longitud Fija
fixed length control field 251203t2009||||xx |||||||||||||| ||spa||
020 ## - ISBN
ISBN 9788467480276
041 ## - Idioma
Codigo Idioma ESP
082 ## - DEWEY y NOTACIÓN INTERNA
Dewey RO 940.53
Notación Interna C235
110 ## - AUTOR INSTTITUCIONAL
Autor Institucional Centro Editor PDA
245 #0 - TÍTULO DE MATERIAL BIBLIOGRÁFICO
Título Segunda guerra mundial :
Título paralelo 1939-1945. Tomos 1-20
260 ## - CIUDAD, EDITORIAL, AÑO
Ciudad Barcelona :
Nombre de la Editorial Centro Editor PDA,
Año 2009
300 ## - DESCRIPCIÓN
N° Páginas 91 páginas :
Otros detalles ilustraciones, fotografías, mapas ;
Dimensiones 26 cm.
Material Adicional
440 ## - MENCIÓN DE SERIE
Título de la Serie
Número de Serie
Volumen de Serie
500 ## - NOTA GENERAL
Nota General Cada volumen viene acompañado de un DVD-Vídeo
505 ## - TABLA DE CONTENIDO
Tabla de Contenido Contiene: Tomo 1: El rearme alemán y el inicio de la contienda: 1919-1939; Tomo 2: La URSS contra Polonia y Finlandia: 1939-1945; Tomo 3: Guerra contra Noruega y los Países Bajos 1940; Tomo 4: La ocupación de Francia: 1940; Tomo 5: Enfrentamiento en el Atlántico y en el Norte de África: 1939-1941; Tomo 6: La batalla de Inglaterra: 1940; Tomo 7: De los Balcanes a la Operación Barbarroja: 1940-1941; Tomo 8: Pearl Harbor y la ofensiva japonesa: 1941; Tomo 9: La contraofensiva aliada en el Pacífico: 1942-1943; Tomo 10: La muralla del Atlántico: 1942; Tomo 11: La batalla de Stalingrado: 1942-1943; Tomo 12: De Tobruk a Túnez y la ofensiva aérea contra Alemania: 1941-1943; Tomo 13: Los aliados invaden Italia: 1943-1944; Tomo 14: La contraofensiva en el frente Oriental: 1943-1944; Tomo 15: El día D: 1944; Tomo 16: La liberación de las Filipinas: 1944-1945; Tomo 17: Un puente demasiado lejano: 1944; Tomo 18: La batalla de las Ardenas: 1944; Tomo 19: La caída de Berlín: 1945; Tomo 20: De Iwo Jima a la rendición de Japón: 1945.
650 ## - TEMAS
Temas Geografía
653 ## - DESCRIPTORES
Lenguajes no controlado Guerra Mundial, 1939-1945 - Historia
654 ## - PROGRAMAS
Programa Todos los programas
942 ## - ELEMENTOS DE KOHA
Tipo de documento Libro
Nombre del creador Justo Noguera
Código de catalogador Margarita Torres
Esquema de clasificación Dewey Decimal Classification
Suppress in OPAC
Existencias
Codigo completo Registro Colección Copia número Disponibilidad Tipo de préstamo Biblioteca Actual Procedencia (Biblioteca) Ubicacón Fecha Ingreso Tipo de Adquisición Date last seen Total checkouts Price effective from Tipo de Item Estado del Material Fuente de Clasificación Damaged status Withdrawn status
RO 940.53 C235 1085111 Colección Vera Bejar 1   Restringido Víctor Andrés Belaunde Víctor Andrés Belaunde Planta baja cerrada 03/12/2025 Donación 03/12/2025   03/12/2025 Libro Bueno Dewey Decimal Classification   Withdrawn